<?xml version="1.0" encoding="UTF-8"?><?xml-stylesheet type="text/xsl" href="static/style.xsl"?><OAI-PMH xmlns="http://www.openarchives.org/OAI/2.0/" xmlns:xsi="http://www.w3.org/2001/XMLSchema-instance" xsi:schemaLocation="http://www.openarchives.org/OAI/2.0/ http://www.openarchives.org/OAI/2.0/OAI-PMH.xsd"><responseDate>2026-04-28T20:58:22Z</responseDate><request verb="GetRecord" identifier="oai:uvadoc.uva.es:10324/51157" metadataPrefix="marc">https://uvadoc.uva.es/oai/request</request><GetRecord><record><header><identifier>oai:uvadoc.uva.es:10324/51157</identifier><datestamp>2022-02-07T10:29:04Z</datestamp><setSpec>com_10324_1174</setSpec><setSpec>com_10324_931</setSpec><setSpec>com_10324_894</setSpec><setSpec>col_10324_1342</setSpec></header><metadata><record xmlns="http://www.loc.gov/MARC21/slim" xmlns:doc="http://www.lyncode.com/xoai" xmlns:xsi="http://www.w3.org/2001/XMLSchema-instance" xmlns:dcterms="http://purl.org/dc/terms/" xsi:schemaLocation="http://www.loc.gov/MARC21/slim http://www.loc.gov/standards/marcxml/schema/MARC21slim.xsd">
<leader>00925njm 22002777a 4500</leader>
<datafield tag="042" ind1=" " ind2=" ">
<subfield code="a">dc</subfield>
</datafield>
<datafield tag="720" ind1=" " ind2=" ">
<subfield code="a">Jerez Cabrero, Enrique</subfield>
<subfield code="e">author</subfield>
</datafield>
<datafield tag="260" ind1=" " ind2=" ">
<subfield code="c">2013</subfield>
</datafield>
<datafield tag="520" ind1=" " ind2=" ">
<subfield code="a">El presente texto explora las posibilidades de exégesis simbólica que subyacen en el motivo del septenario tal como lo transmite la Leyenda de los infantes de Lara. Con este propósito, se analiza (desde una perspectiva comparada) el esquema mítico de la «séptuple progenitura fundadora», a cuya descendencia sugerimos asimilar la hebdómada de Lara. Finalmente, el trabajo propone una interpretación para este recurrente submotivo del folclore narrativo universal, cuya naturaleza y sentido cosmológicos (y aun metafísicos) se intentan desentrañar, y ello conforme a los postulados de la que, en el contexto de los «estudios espirituales», se conoce como Escuela Tradicional o Perennialista</subfield>
</datafield>
<datafield tag="024" ind2=" " ind1="8">
<subfield code="a">Cahiers d'études hispaniques medievales, 2013, n. 36. p. 239-255</subfield>
</datafield>
<datafield tag="024" ind2=" " ind1="8">
<subfield code="a">1779-4684</subfield>
</datafield>
<datafield tag="024" ind2=" " ind1="8">
<subfield code="a">https://uvadoc.uva.es/handle/10324/51157</subfield>
</datafield>
<datafield tag="024" ind2=" " ind1="8">
<subfield code="a">239</subfield>
</datafield>
<datafield tag="024" ind2=" " ind1="8">
<subfield code="a">36</subfield>
</datafield>
<datafield tag="024" ind2=" " ind1="8">
<subfield code="a">255</subfield>
</datafield>
<datafield tag="024" ind2=" " ind1="8">
<subfield code="a">Cahiers d'études hispaniques medievales</subfield>
</datafield>
<datafield ind1=" " ind2=" " tag="653">
<subfield code="a">Héroes - Historia</subfield>
</datafield>
<datafield ind1=" " ind2=" " tag="653">
<subfield code="a">Poesía épica española</subfield>
</datafield>
<datafield ind1=" " ind2=" " tag="653">
<subfield code="a">Literatura juvenil - España</subfield>
</datafield>
<datafield ind1=" " ind2=" " tag="653">
<subfield code="a">Leyendas - España</subfield>
</datafield>
<datafield ind1=" " ind2=" " tag="653">
<subfield code="a">Tradición oral - España - Castilla y León</subfield>
</datafield>
<datafield tag="245" ind1="0" ind2="0">
<subfield code="a">7 infantes 7: la leyenda a la luz del simbolismo tradicional</subfield>
</datafield>
</record></metadata></record></GetRecord></OAI-PMH>